000 01622cam a22004214a 4500
001 15685948
003 NUST
005 20220420120223.0
008 090403s2009 nyua b 001 0deng
010 _a 2009014480
020 _a9781416586128 (alk. paper)
020 _a1416586121 (alk. paper)
038 _awaseem
040 _aDLC
_cDLC
_dDLC
043 _ae-hu---
_an-us---
050 0 0 _aDB992
_b.M37 2009
082 0 0 _a305.9/069140922439
_bMAR
100 1 _aMarton, Kati.
_991067
245 1 0 _aEnemies of the people :
_bmy family's journey to America /
_cKati Marton.
250 _a1st Simon & Schuster hardcover ed.
260 _aNew York :
_bSimon & Schuster,
_c2009.
300 _ax, 272 p. :
_bill. ;
_c25 cm.
504 _aIncludes bibliographical references and index.
563 _aHBK.
600 1 0 _aMarton, Kati
_xChildhood and youth.
_991068
600 1 0 _aMarton, Endre,
_d1910-2005.
_991069
600 1 0 _aMarton, Ilona,
_d-2004.
_991070
610 1 0 _aHungary.
_bÁllamvédelmi Hatóság.
_991071
650 0 _aJournalists
_zHungary
_zBudapest
_vBiography.
_991072
650 0 _aPolitical prisoners
_zHungary
_vBiography.
_991073
650 0 _aWorld War, 1939-1945
_zHungary
_zBudapest.
_991074
650 0 _aHungarian Americans
_vBiography.
_991075
651 0 _aBudapest (Hungary)
_vBiography.
_991076
651 0 _aHungary
_xHistory
_y1945-1989.
_991077
906 _a7
_bcbc
_corignew
_d1
_eecip
_f20
_gy-gencatlg
942 _2ddc
_cBK
999 _c589250
_d589250